000 01324cam a2200337 a 4500
999 _c27054
_d27054
001 13536017
003 OSt
005 20170207111156.0
008 040325s2003 gw a b 001 0 eng d
010 _a 2004297920
020 _a3791328670 (alk. paper)
035 _a(OCoLC)ocm52986314
040 _aCtWfDGI
_cOLINC
_dOCLCQ
_dDLC
041 1 _aeng
_hger
042 _alccopycat
050 0 0 _aN6888.D8S2413 2003
082 0 0 _a760/.092
_222
100 1 _aSalley, Victoria.
_d2003-
240 1 0 _aAlbrecht Dürer, Kunststück Natur.
_lEnglish
245 1 0 _aNature's artist :
_bplants and animals by Albrecht Dürer /
_cwith an introductory essay by Victoria Salley.
260 _aMunich ;
_aNew York :
_bPrestel,
_c2003.
300 _a95, [1] p. :
_bill. (some col.) ;
_c29 cm.
500 _aIncludes bibliographical references (p. [96]) and index.
600 1 0 _aDürer, Albrecht,
_d1471-1528
_xCriticism and interpretation.
650 0 _aAnimals in art.
650 0 _aBirds in art.
650 0 _aPlants in art.
700 1 _aDürer, Albrecht,
_d1471-1528.
906 _a7
_bcbc
_ccopycat
_d2
_encip
_f20
_gy-gencatlg
942 _2lcc
_cBOOKS
_hN6888.D8S2413 2003
_k34480